Religion Quiz

Random Religion Quiz

Religion by Holy Site Quiz Stats

 Plays Quiz Updated Aug 1, 2015

Challenge
Share
Tweet
Score 0/20 Timer 05:00
0 Plays Today
Religion % Correct
Christianity
87.5%
Islam
85.9%
Judaism & Islam
83%
Christianity
81.4%
Judaism
74.9%
Islam
73.5%
Hinduism
72.4%
Christianity
68.5%
Shinto
59.1%
Shinto
52.4%
Religion % Correct
Baha'i
44.9%
Buddhism
43.3%
Hinduism
41.2%
Sikhism
36%
Buddhism
35.3%
Taoism
25.7%
Jainism
19.7%
Zoroastrianism
17.8%
Zoroastrianism
13.8%
Juche
7.5%

You're not logged in!

Compare scores with friends on all Sporcle quizzes.
OR
Log In

You Might Also Like...

Show Comments

Extras

Top Quizzes Today


Score Distribution

Your Account Isn't Verified!

In order to create a playlist on Sporcle, you need to verify the email address you used during registration. Go to your Sporcle Settings to finish the process.

Report this User

Report this user for behavior that violates our Community Guidelines.

Details: